Informàtica aplicada a la matemàtica del cicle superior d' EGB /
Descripción Física:
92, [22] f. : il. , 30 cm
Materias:
Informàtica
MARC
| LEADER | 00000nam a2200000Ia 4500 | ||
|---|---|---|---|
| 001 | 2005 | ||
| 008 | 160829s9999 xx 000 0 cat d | ||
| 080 | |a C-1-80 | ||
| 100 | |a Segarra, Lluís |9 19641 | ||
| 245 | |a Informàtica aplicada a la matemàtica del cicle superior d' EGB / |c Sr. Lluís Segarra | ||
| 260 | |a Barcelona : |b Diputació de Barcelona, Servei d' Ensenyament i Investigació, [198 - ?] | ||
| 300 | |a 92, [22] f. : |b il. , 30 cm | ||
| 650 | |a Informàtica |9 41043 | ||
| 710 | 1 | |a Barcelona (Catalunya : Província). |b Servei d'Ensenyament i Investigació |9 54366 | |
| 901 | |a Arxiu | ||
| 942 | |n 1 | ||
| 952 | |0 0 |1 0 |4 0 |6 C180 |7 1 |9 41292 |a Arxiu |b Arxiu |d 2016-12-01 |l 0 |o C-1-80 |p 2005 |r 2016-12-01 00:00:00 |w 2016-12-01 |y ARXIU | ||
| 952 | |0 0 |1 0 |4 0 |6 PDL |7 1 |9 63751 |a Arxiu |b Arxiu |d 2022-09-05 |l 0 |o PDL |p 26671 |r 2022-09-05 00:00:00 |w 2022-09-05 |y ARXIU | ||
| 999 | |c 43075 |d 43075 | ||